00817 2200313 4500001002100000005001500021035002000036007000300056040001700059100002600076245002100102250001400123300004000137504002900177020001800206041000800224082000800232084001400240090002100254264003800275336002100313337003000334338002300364650001100387850001000398008004100408990002700449990002700476INLIS00000000000496420260515113647 a0010-0222000054ta aSBPUPADbind0 aAbu AhmadiePengarang1 aPsikilogi Sosial a.--Cet 2 ax, 312 hal. :billus. ;c14 x 20 cm abibliografi, 309-312 hlm a979-518-044-40 aind a302 a302 ABU p a610.73 EVA k 2 6 a.--jakarta :bRineka Cipta,c2002 2rdacontentaTeks 2rdamediaaTanpa Perantara 2rdacarrieraVolume 4asosial aPUPAD260515 0  a6713/BR/ARPUS-PDG/2008 a6705/BR/ARPUS-PDG/2008